000 00981nmm a2200313 a 4500
001 ocm000605236
003 TR-IsHL
005 20201028130827.0
008 131010s1998 tu tur
007 cr cn
020 _a9789758269303
035 _a605236
_b(N$T)
050 0 4 _aB61
_b.O39 1998
090 0 4 _aB61
_b.O39 1998
100 1 _aOizerman, Teodor
245 1 0 _aFelsefe tarihinin sorunları
_h[electronic resource] /
_cTeodor Oizerman ; çev. Celal A. Kanat
250 _a2. bs.
260 _aİstanbul :
_bToplumsal Dönüşüm Yayınları,
_c1998
300 _a384 p.
650 4 _aFelsefe, Psikoloji ve Din
650 4 _aPhilosophy, Psychology and Religion
650 0 _aFelsefe
650 0 _aPhilosophy
650 0 _aTarihi
_xFelsefe
650 0 _aHistory
_xPhilosophy
650 7 _aPHILOSOPHY / General
_2bisacsh
700 1 _aKanat, Celal A.
856 4 0 _uhttp://search.ebscohost.com/login.aspx?direct=true&scope=site&db=e011xww&AN=605236
999 _c4233
_d4233